<?xml version="1.0" encoding="UTF-8"?>
<record
    xmlns:xsi="http://www.w3.org/2001/XMLSchema-instance"
    xsi:schemaLocation="http://www.loc.gov/MARC21/slim http://www.loc.gov/standards/marcxml/schema/MARC21slim.xsd"
    xmlns="http://www.loc.gov/MARC21/slim">

  <leader>00754nam a22002417a 4500</leader>
  <controlfield tag="003">UA-OsUOA</controlfield>
  <controlfield tag="001"> 25468 </controlfield>
  <controlfield tag="007">ta</controlfield>
  <controlfield tag="008">20040415b un ||||| |||| 00| 0 ukr d</controlfield>
  <datafield tag="090" ind1=" " ind2=" ">
    <subfield code="a">34(094):347.9(477)</subfield>
    <subfield code="b">&#x423;45</subfield>
  </datafield>
  <datafield tag="942" ind1=" " ind2=" ">
    <subfield code="c">BK</subfield>
  </datafield>
  <datafield tag="040" ind1=" " ind2=" ">
    <subfield code="a">UA-OsUOA</subfield>
    <subfield code="b">ukr</subfield>
    <subfield code="c">UA-OsUOA</subfield>
    <subfield code="d">UA-OsUOA</subfield>
  </datafield>
  <datafield tag="245" ind1=" " ind2=" ">
    <subfield code="a">&#x423;&#x43A;&#x440;&#x430;&#x457;&#x43D;&#x430;.&#x417;&#x430;&#x43A;&#x43E;&#x43D;&#x438;</subfield>
    <subfield code="b">&#x426;&#x438;&#x432;&#x456;&#x43B;&#x44C;&#x43D;&#x438;&#x439; &#x43F;&#x440;&#x43E;&#x446;&#x435;&#x441;&#x443;&#x430;&#x43B;&#x44C;&#x43D;&#x438;&#x439; &#x43A;&#x43E;&#x434;&#x435;&#x43A;&#x441; &#x423;&#x43A;&#x440;&#x430;&#x457;&#x43D;&#x438;: &#x43E;&#x444;&#x456;&#x446;.&#x442;&#x435;&#x43A;&#x441;&#x442; &#x456;&#x437; &#x437;&#x43C;&#x456;&#x43D;&#x430;&#x43C;&#x438; &#x442;&#x430; &#x434;&#x43E;&#x43F;. &#x441;&#x442;&#x430;&#x43D;&#x43E;&#x43C; &#x43D;&#x430; 1 &#x432;&#x435;&#x440;&#x435;&#x441;&#x43D;&#x44F; 1997 &#x440;.</subfield>
    <subfield code="c">&#x423;&#x43F;&#x43E;&#x440;. &#x410;.&#x420;&#x438;&#x448;&#x435;&#x43B;&#x44E;&#x43A;</subfield>
  </datafield>
  <datafield tag="300" ind1=" " ind2=" ">
    <subfield code="a">248 &#x441;.</subfield>
  </datafield>
  <datafield tag="955" ind1=" " ind2=" ">
    <subfield code="a">0</subfield>
  </datafield>
  <datafield tag="041" ind1=" " ind2=" ">
    <subfield code="a">ukr</subfield>
  </datafield>
  <datafield tag="080" ind1=" " ind2=" ">
    <subfield code="a">34(094):347.9(477)</subfield>
  </datafield>
  <datafield tag="020" ind1=" " ind2=" ">
    <subfield code="a">966-7231-11-9</subfield>
  </datafield>
  <datafield tag="260" ind1=" " ind2=" ">
    <subfield code="a">&#x423;&#x436;&#x433;&#x43E;&#x440;&#x43E;&#x434;</subfield>
    <subfield code="b">&#x406;&#x412;&#x410;</subfield>
    <subfield code="c">1997</subfield>
  </datafield>
  <datafield tag="044" ind1=" " ind2=" ">
    <subfield code="a">UA</subfield>
  </datafield>
  <datafield tag="650" ind1=" " ind2="7">
    <subfield code="2">UDC</subfield>
  </datafield>
  <datafield tag="999" ind1=" " ind2=" ">
    <subfield code="c">311766</subfield>
    <subfield code="d">311766</subfield>
  </datafield>
  <datafield tag="952" ind1=" " ind2=" ">
    <subfield code="0">0</subfield>
    <subfield code="1">0</subfield>
    <subfield code="2">udc</subfield>
    <subfield code="4">0</subfield>
    <subfield code="7">0</subfield>
    <subfield code="a">102</subfield>
    <subfield code="b">102</subfield>
    <subfield code="d">2004-04-15</subfield>
    <subfield code="g">34.73</subfield>
    <subfield code="i">67581</subfield>
    <subfield code="l">0</subfield>
    <subfield code="o">34(094):347.9(477) &#x423;45</subfield>
    <subfield code="p">67581</subfield>
    <subfield code="r">2022-02-09 00:00:00</subfield>
    <subfield code="w">2004-04-15</subfield>
    <subfield code="y">BK</subfield>
  </datafield>
  <datafield tag="952" ind1=" " ind2=" ">
    <subfield code="0">0</subfield>
    <subfield code="1">0</subfield>
    <subfield code="2">udc</subfield>
    <subfield code="4">0</subfield>
    <subfield code="7">0</subfield>
    <subfield code="a">102</subfield>
    <subfield code="b">102</subfield>
    <subfield code="d">2004-04-15</subfield>
    <subfield code="g">19.33</subfield>
    <subfield code="i">67582</subfield>
    <subfield code="l">0</subfield>
    <subfield code="o">34(094):347.9(477) &#x423;45</subfield>
    <subfield code="p">67582</subfield>
    <subfield code="r">2022-02-09 00:00:00</subfield>
    <subfield code="w">2004-04-15</subfield>
    <subfield code="y">BK</subfield>
  </datafield>
  <datafield tag="952" ind1=" " ind2=" ">
    <subfield code="0">0</subfield>
    <subfield code="1">0</subfield>
    <subfield code="2">udc</subfield>
    <subfield code="4">0</subfield>
    <subfield code="7">0</subfield>
    <subfield code="a">102</subfield>
    <subfield code="b">102</subfield>
    <subfield code="d">2004-04-15</subfield>
    <subfield code="g">17.40</subfield>
    <subfield code="i">67583</subfield>
    <subfield code="l">0</subfield>
    <subfield code="o">34(094):347.9(477) &#x423;45</subfield>
    <subfield code="p">67583</subfield>
    <subfield code="r">2022-02-09 00:00:00</subfield>
    <subfield code="w">2004-04-15</subfield>
    <subfield code="y">BK</subfield>
  </datafield>
  <datafield tag="952" ind1=" " ind2=" ">
    <subfield code="0">0</subfield>
    <subfield code="1">0</subfield>
    <subfield code="2">udc</subfield>
    <subfield code="4">0</subfield>
    <subfield code="7">0</subfield>
    <subfield code="a">102</subfield>
    <subfield code="b">102</subfield>
    <subfield code="d">2004-04-15</subfield>
    <subfield code="g">6.00</subfield>
    <subfield code="i">67584</subfield>
    <subfield code="l">0</subfield>
    <subfield code="o">34(094):347.9(477) &#x423;45</subfield>
    <subfield code="p">67584</subfield>
    <subfield code="r">2022-02-09 00:00:00</subfield>
    <subfield code="w">2004-04-15</subfield>
    <subfield code="y">BK</subfield>
  </datafield>
  <datafield tag="952" ind1=" " ind2=" ">
    <subfield code="0">0</subfield>
    <subfield code="1">0</subfield>
    <subfield code="2">udc</subfield>
    <subfield code="4">0</subfield>
    <subfield code="7">0</subfield>
    <subfield code="a">102</subfield>
    <subfield code="b">102</subfield>
    <subfield code="d">2004-04-15</subfield>
    <subfield code="g">19.33</subfield>
    <subfield code="i">67585</subfield>
    <subfield code="l">0</subfield>
    <subfield code="o">34(094):347.9(477) &#x423;45</subfield>
    <subfield code="p">67585</subfield>
    <subfield code="r">2022-02-09 00:00:00</subfield>
    <subfield code="w">2004-04-15</subfield>
    <subfield code="y">BK</subfield>
  </datafield>
  <datafield tag="952" ind1=" " ind2=" ">
    <subfield code="0">0</subfield>
    <subfield code="1">0</subfield>
    <subfield code="2">udc</subfield>
    <subfield code="4">0</subfield>
    <subfield code="7">0</subfield>
    <subfield code="a">102</subfield>
    <subfield code="b">102</subfield>
    <subfield code="d">2004-04-15</subfield>
    <subfield code="g">19.33</subfield>
    <subfield code="i">67586</subfield>
    <subfield code="l">0</subfield>
    <subfield code="o">34(094):347.9(477) &#x423;45</subfield>
    <subfield code="p">67586</subfield>
    <subfield code="r">2022-02-09 00:00:00</subfield>
    <subfield code="w">2004-04-15</subfield>
    <subfield code="y">BK</subfield>
  </datafield>
  <datafield tag="952" ind1=" " ind2=" ">
    <subfield code="0">0</subfield>
    <subfield code="1">0</subfield>
    <subfield code="2">udc</subfield>
    <subfield code="4">0</subfield>
    <subfield code="7">0</subfield>
    <subfield code="a">102</subfield>
    <subfield code="b">102</subfield>
    <subfield code="d">2004-04-15</subfield>
    <subfield code="g">6.00</subfield>
    <subfield code="i">67587</subfield>
    <subfield code="l">0</subfield>
    <subfield code="o">34(094):347.9(477) &#x423;45</subfield>
    <subfield code="p">67587</subfield>
    <subfield code="r">2022-02-09 00:00:00</subfield>
    <subfield code="w">2004-04-15</subfield>
    <subfield code="y">BK</subfield>
  </datafield>
  <datafield tag="952" ind1=" " ind2=" ">
    <subfield code="0">0</subfield>
    <subfield code="1">0</subfield>
    <subfield code="2">udc</subfield>
    <subfield code="4">0</subfield>
    <subfield code="7">0</subfield>
    <subfield code="a">102</subfield>
    <subfield code="b">102</subfield>
    <subfield code="d">2004-04-15</subfield>
    <subfield code="g">17.40</subfield>
    <subfield code="i">67588</subfield>
    <subfield code="l">0</subfield>
    <subfield code="o">34(094):347.9(477) &#x423;45</subfield>
    <subfield code="p">67588</subfield>
    <subfield code="r">2022-02-09 00:00:00</subfield>
    <subfield code="w">2004-04-15</subfield>
    <subfield code="y">BK</subfield>
  </datafield>
  <datafield tag="952" ind1=" " ind2=" ">
    <subfield code="0">0</subfield>
    <subfield code="1">0</subfield>
    <subfield code="2">udc</subfield>
    <subfield code="4">0</subfield>
    <subfield code="7">0</subfield>
    <subfield code="a">102</subfield>
    <subfield code="b">102</subfield>
    <subfield code="d">2004-04-15</subfield>
    <subfield code="g">19.33</subfield>
    <subfield code="i">67589</subfield>
    <subfield code="l">0</subfield>
    <subfield code="o">34(094):347.9(477) &#x423;45</subfield>
    <subfield code="p">67589</subfield>
    <subfield code="r">2022-02-09 00:00:00</subfield>
    <subfield code="w">2004-04-15</subfield>
    <subfield code="y">BK</subfield>
  </datafield>
</record>
